MDQL
is popping MORE tags! Check the
thread
!
Quizzes
Events
Quiz Creation
Community
Videos
Private Events
Remove Ads
Sign In
Join for FREE
Feedback
Dark Mode
Quiz Categories
Sports
Geography
Music
Movies
Television
Just For Fun
Miscellaneous
History
Literature
Language
Science
Gaming
Entertainment
Religion
Holiday
For Kids
Quiz Lab
Recent
Popular Today
Quiz Kudos Today
Editor Picks
Curator Picks
Quizzes by...
Day
Popularity
Type
Ratings
Length
Year
Community
Subscriptions
Recent Discussions
Orange Saloon
Badges
Playlists
Quests
Create
Leaderboards
Showdown
Live 5
Trivia Bingo
Activity
Puzzle Library
Sporcle Events
Private Events
Virtual Trivia
Globe League
Become a Host
Pub Owners
SporcleCon
Opinionation
Our Games
Videos
Blog
Mobile Apps
Partnerships
Remove Ads and Go Orange
Feedback
Literature
Harry Potter
A Song of Ice and Fire
The Hunger Games
Literary Character
Shakespeare
Book
Author
Novel
Poem
Young Adult
Children's Books
Play
Lord of the Rings
Literature
Harry Potter
A Song of Ice and Fire
The Hunger Games
Literary Character
Shakespeare
Book
Author
Novel
Poem
Young Adult
Children's Books
Play
Lord of the Rings
Random Quiz
Search Sporcle
×
Quiz Lab
Quiz Lab
Literature
night
Click on answers out of a set of options
Click on answers out of a set of options
Multiple Choice
Best Score? Go Orange.
Night Study Guide Stats
Can you choose the Night Study Guide?
By
shayward22
20m
42 Questions
809 Plays
809 Plays
809 Plays
Comments
Comments
Give Quiz Kudos
Give Quiz Kudos
-
- Ratings
hide this ad
Random Order
Randomize order of answers
Randomize order of answers
Replay
Link that replays current quiz
Next Quiz
Link to next quiz in quiz playlist
You Got
0%
They Got
Avg Score
29%
Avg Friend Score
Upgrade to see
Score Distribution
Jump to the score distribution portion of the page
Score
0/42
Timer
20:00
0
Plays Today
Question
Answer
Wrong Answers
What is the Kaddish? *
b. Jewish prayer for the dead
33.1%
a. Special food served at Passover
0.2%
c. An ancient language of the cabbala
0.2%
d. A dance to worship God
0.2%
What happened to men who slowed down on the way to Gleiwitz? *
Trampled
32.8%
Pushed
0.2%
Kicked
0.5%
Beat
0.5%
What do men do to help their chances during selection? *
d. Run
32.5%
a. Shove others
0.5%
b. Hide
0.6%
c. Eat
0.1%
What during what historical event did the Holocaust take place? *
b. World War II
32.1%
a. World War I
0.4%
c. The Great War
0.2%
d. The Revolutionary War
0.1%
What is Elie’s “inheritance” from his father? *
d. A spoon and knife
31.6%
a. A bag of gold
0.2%
b. His jacket
0.1%
c. A rusty can and knife
0.4%
The Jews were shipped by ______ people in a cart from one concentration camp to another (AT BEGINNING)
80
31.6%
120
0.7%
100
1.1%
60
0.7%
Upon his return from the forest, what does Moshe the Beadle attempt to do? *
d. Warn the Jews about what is going to happen
31.5%
a. Find his faith in Elie
0.5%
b. Teach the cabbala to the young
0.6%
c. Create a resistance movement
0.1%
Men were to eat snow as a form of food and water. *
True
31.4%
False
1.9%
Who does the prisoner next to Elie in the hospital say that he trusts the most? *
a. Hitler
31.3%
b. Kapo
0.4%
c. Eliezer
0.1%
d. Chlomo
0.5%
What's Elie's name at the camp? *
c. A-7713
31.3%
a. C-1102
0%
b. Eliezer
0%
d. E-2921
0.4%
When Elie was liberated (freed) from Buchenwald, their first thought was NOT: *
Revenge
31.1%
Food
1%
Family
0.5%
None of these
0.5%
At what age and occupation does Elie tell the SS officer he is? *
c. 18; farmer
30.9%
a. 17; worker
0.4%
b. 15; student
0.6%
d. 16; teacher
0%
Why is the hanging of the pipel so emotional? *
d. This death was a symbol of Elie's loss of faith
30.9%
a. The prisoners have already witnessed another hanging
0.5%
b. They know there would be no soup that day
0.1%
c. They think he was a sign
0.2%
Where were the Jews of Sighet first taken after the Germans arrive? *
Ghetto
30.7%
Street
0.4%
Barracks
0.4%
Train
0.1%
When Elie’s father is sick, he begs Elie for coffee. *
False
30.5%
True
4.1%
What town does Elie and his family come from? *
Sighet
30.4%
Budapest
0.1%
Gleiwtiz
0.9%
Warsaw
1.5%
Elie's father was: *
d. All of the above
30.3%
a. Unsentimental
0.5%
b. Respected by the community
1.2%
c. Concerned about the community more than his family
0.9%
The strong man on the train that gives up hope, but is comforted by Elie’s father was named: *
b. Meir Katz
30%
a. Akiba Drumer
1%
c. Juliek
1.6%
d. Chlomo
0.6%
Elie loses both parents and a sister in the camps. *
True
29.9%
False
2.7%
Elie's last words were, 'Help Eliezer!' *
False
29.9%
True
1.1%
The memoir Night was written from what perspective?
first
29.8%
second
0.4%
third
0.4%
both first and second
0.2%
Who is Tzipora? *
b. Elie's younger sister
29.8%
a. Elie's mother
0.4%
c. Elie's older sister
0.7%
d. Elie's grandmother
0.2%
During the transport to Buchenwald, prisoners threw other dead prisoners off the train. *
True
29.8%
False
1.6%
'It was like a page torn from some storybook,' is an example of which literary device? *
Simile
29.7%
Metaphor
2%
Personification
0.5%
Allusion
0.2%
On the train to Auschwitz, what does Madame Schachter have visions of?
burning pits of fire
29.5%
angel of death
0.4%
death head of Auschwitz
0.5%
God
0%
Elie is the only son in a family of four children. *
True
29.5%
False
2.1%
Elie’s father might still have been alive when he was removed from his bed. *
True
29.5%
False
1.5%
Elie and his father choose to leave the hospital before it’s liberated. *
True
29.4%
False
1.4%
The Jews were eager to listen to Moshe’s miraculous experience. *
False
29.4%
True
1.9%
Who is the Stein of Antwerp? *
a. Relative of the Wiesel's
29.2%
b. Block leader
1.6%
c. Whips Elie
1.5%
d. Head of the Gestapo
1.7%
Elie witnesses a son murder his father over a piece of bread. *
True
29%
False
2.1%
Who is the factory foreman that beats Elie? *
Idek
28.8%
Franek
1.7%
Juliek
1.1%
Meir
0.2%
Elie tells the guards at Birkenau that he is 16 years old. *
False
28.8%
True
1.9%
After playing a Beethoven concerto in the barracks, Juliek: *
c. Died
28.7%
a. Gave his violin to Elie
0.6%
b. Was beaten for playing German music
1.4%
d. Escaped the concentration camp
0.5%
Wiesel’s town’s first impression of the German soldiers was that they were: *
All of the above
28.6%
Friendly
0.1%
Harmless
1%
Polite
1.1%
The visions seen by Madame Schächter are an example of: *
Foreshadow
28.3%
Symbolism
0.2%
Allusion
0.9%
Metaphor
0.6%
Why does Elie end up having to have an operation? *
b. His foot swells
28.1%
a. His tooth infection
0.9%
c. He is pain from his appendix
0.2%
d. His arm swells
0.9%
Who is Elie? *
all of the above
28.1%
narrator
2.1%
protagonist
0.7%
main character
1.6%
Moshe the Beadle and Elie’s relationship can be described as: *
c. Teacher/Student
27.9%
a. Father/Son
0.7%
b. Uncle/Nephew
0.6%
d. All of the above
2.7%
Moshe the Beadle tells the villagers in Sighet not to worry about the Nazi’s. *
False
27.6%
True
4.1%
Elie is whipped because he steals soup from a pot in the middle of camp. *
False
27.2%
True
3.2%
What does SS stand for? *
Schutzstaffel
26.1%
Schltzenstaffel
0.9%
Schultzstaffel
5.2%
Schutzsoffel
2.1%
Quiz Playlist
Details
Report
Send in Message
Add To Playlist
Multiple Choice:
Click on answers out of a set of options
Random Order:
Randomize order of answers
Last Updated: Mar 8, 2021
Quiz Scoreboard
CHALLENGE
Sign Up to Join the Scoreboard
Show All
Scores
Hide
Comments
May contain spoilers
Recently Published
Colored Red Africa Blitz
by spor1
Geography
30s
Find the 'City' Movie
by crazypaving
Movies
60s
5x2 Blitz: Bands
by SL_Kpop136
Music
30s
More to Explore
Quiz From the Vault
Featured Blog Post
14 Easter Pick-up Lines to Find Eggs With
hide this ad
You Might Also Like...
Tags
guide
night
Study
Today's Top Quizzes in Literature
Browse Literature
hide this ad
Today's Top Quizzes in night
Browse night
Top Contributed Quizzes in Literature
1
Sneaky Slytherin Logic Puzzle
2
Logic Puzzle: Avoid Dumbledore's Army
3
Mini Trivia Sudoku: A Song of Ice and Fire
4
Get The Picture: Black or White Literature
5
The Hunger Games Logic Puzzle: Find Katniss
6
One Thing in Common: Literature II
7
Harry Potter Logic Puzzle - Bill & Fleur's wedding
8
Harry Potter Video Game Releases
9
Silmarillion Characters by Any 3 Letters
10
Harry Potter Clickable Logic Puzzle #4
Explore More
Trending Topics
Kpop
NBA
Harry Potter
Disney
Crossword
Anime
Marvel
NFL
The Office
WWE
Country
Pokémon
Song
Soccer
Puzzle
hide this ad
More By:
shayward22
Quiz
Plays
Rating
Category
Featured
Created
30-15-10
3,240
1.33
Literature
Jan 16, 2017
30 Prefixes
1,161
1.00
Literature
Oct 14, 2019
Night Study Guide
809
4.00
Literature
May 16, 2017
Romeo and Juliet Hayward
307
1.67
Literature
Mar 23, 2017
The Crucible
134
Literature
Oct 31, 2017
Go to Creator's Profile
Score Distribution
Quiz Creator Spotlight
shayward22
Follow
Send a Message
Quizzes Created
-
Created Quiz Play Count
-
More By This Creator
Popular Quizzes Today
1
Colored Red Africa Blitz
2
Find the 'City' Movie
3
Find the US States - No Outlines Minefield
4
5x2 Blitz: Bands
5
The Countries of the World
6
Find the US States
7
US States
8
9x9 Crossword: Cartoon Network
More Literature Quizzes
First Works
Published
Trending Quizzes
Colored Red Europe Blitz I
Colored Red Europe Blitz II
Colored Red Africa Blitz II
Colored Red Africa Blitz III
Colored Red Europe Blitz III
Recently Updated
Grab Bag: 4-10 Letters
pecheneg
2024 March Madness Bracket
pecheneg
Famous TV Couples
Peacemaker
Champions League XIs: Real Madrid
pecheneg
Largest US Cities 1790-2010
pecheneg
Rides in Walt Disney World
pecheneg
Most Oscar Losses (Acting)
pecheneg
Beyoncé Albums
pecheneg
Leaping Animals
pecheneg
Reality TV Shows (A-Z)
bhenderson79
Trending Topics
Disney
Kpop
NBA
Marvel
Crossword
Harry Potter
Anime
Pokémon
Country
The Office
Puzzle
WWE
NFL
Song
Soccer
Your Account Isn't Verified!
In order to create a playlist on Sporcle, you need to verify the email address you used during registration. Go to your
Sporcle Settings
to finish the process.
Report this User
Report this user for behavior that violates our
Community Guidelines
.
Details:
Send Report
Go to the Sporcle.com Mobile Site →
Comments